00534 2200205 4500001002100000005001700021008004100038020001800079035002400097040001200121090001700133100001900150245004300169250001100212260003100223300002400254650002300278850001200301990001500313YOGYA-0209000000098320090227020412.0 ind  a979-413-969-6 0010-020900000000983 aYOPDYOG a297.8bNad S aNadeak, Wilson aSeraut wajah pernikahancWilson Nadeak aCet. 2 aYogyakartabKanisiusc1995 a98 hlmbilusc21 cm aPerkawinan - Islam aYOPDYOG a98P0105037